<?xml version="1.0" encoding="UTF-8"?>
<record
    xmlns:xsi="http://www.w3.org/2001/XMLSchema-instance"
    xsi:schemaLocation="http://www.loc.gov/MARC21/slim http://www.loc.gov/standards/marcxml/schema/MARC21slim.xsd"
    xmlns="http://www.loc.gov/MARC21/slim">

  <leader>01384nam a2200217 a 4500</leader>
  <controlfield tag="001">BRCA_9027</controlfield>
  <controlfield tag="005">20190320210510.0</controlfield>
  <controlfield tag="008">250717s1734----sz-#######---#000-0#lat-#</controlfield>
  <datafield tag="041" ind1=" " ind2=" ">
    <subfield code="a">lat</subfield>
  </datafield>
  <datafield tag="084" ind1=" " ind2=" ">
    <subfield code="a">LM31</subfield>
    <subfield code="b">.C68 1734</subfield>
  </datafield>
  <datafield tag="100" ind1="1" ind2=" ">
    <subfield code="a">Covarrubias Leyva, Diego de</subfield>
    <subfield code="d">1512 - 1577</subfield>
    <subfield code="9">22382</subfield>
  </datafield>
  <datafield tag="245" ind1="1" ind2="0">
    <subfield code="a">Didaci Covarruvias a Leyva Toletani Episcopi Segobiensis, Philippi II Hispaniarum Regis Summo Praetorio Praefecti, ac Juris Interpretis acutissimi, Opera Omnia, Jam post varias Editiones correctiora, &amp; cum veteribus ac melioris notae exemplaribus de novo collara, &amp; ab innumeris mendis feri&#xF2; repurgata</subfield>
    <subfield code="b">cum auctoris tractatum in Tit. de Frigidis et Maleficiatis, septem quastionibus distincto, quibus an Matrimonium cumhoc impedimento constare possit, accurat&#xE8; explicatur: accesserunt de novo  Joannis Uffelii, J. C. Patricci Bruxellensis, in Variarum Resolutionum Libros, Notae uberiores.</subfield>
  </datafield>
  <datafield tag="260" ind1=" " ind2=" ">
    <subfield code="a">Genevae</subfield>
    <subfield code="b">Sumptibus Fratrum de Tournes</subfield>
    <subfield code="c">1734</subfield>
  </datafield>
  <datafield tag="300" ind1=" " ind2=" ">
    <subfield code="a">772 p.</subfield>
    <subfield code="c">35.5 x 13 cm</subfield>
  </datafield>
  <datafield tag="500" ind1=" " ind2=" ">
    <subfield code="a">En portada: Cum duplici Indice, Capitum et Rerum locupletissimo, suis numeres restituto</subfield>
  </datafield>
  <datafield tag="500" ind1=" " ind2=" ">
    <subfield code="a">Estado f&#xED;sico: presenta encuadernaci&#xF3;n en piel, con cantos decorados en color rojo y presencia del pez de plata</subfield>
  </datafield>
  <datafield tag="650" ind1="1" ind2="4">
    <subfield code="a">Derecho romano</subfield>
    <subfield code="y">Obras anteriores a 1800</subfield>
    <subfield code="9">22105</subfield>
  </datafield>
  <datafield tag="650" ind1="1" ind2="4">
    <subfield code="a">Derecho can&#xF3;nico</subfield>
    <subfield code="y">Obras anteriores a 1800</subfield>
    <subfield code="9">22085</subfield>
  </datafield>
  <datafield tag="902" ind1=" " ind2=" ">
    <subfield code="a">CFM</subfield>
  </datafield>
  <datafield tag="942" ind1=" " ind2=" ">
    <subfield code="2">lcc</subfield>
    <subfield code="c">B</subfield>
  </datafield>
  <datafield tag="999" ind1=" " ind2=" ">
    <subfield code="c">8678</subfield>
    <subfield code="d">8678</subfield>
  </datafield>
  <datafield tag="952" ind1=" " ind2=" ">
    <subfield code="0">0</subfield>
    <subfield code="1">0</subfield>
    <subfield code="4">0</subfield>
    <subfield code="7">0</subfield>
    <subfield code="a">BRCA</subfield>
    <subfield code="b">BRCA</subfield>
    <subfield code="d">2017-07-25</subfield>
    <subfield code="l">0</subfield>
    <subfield code="o">LM31 .C68 1734</subfield>
    <subfield code="p">CFM00294</subfield>
    <subfield code="r">2019-03-22 00:00:00</subfield>
    <subfield code="w">2019-03-22</subfield>
    <subfield code="y">B</subfield>
  </datafield>
</record>
